000 00948cam a2200265 4500
001 WB3709-07
008 000000n2001 000 0 eng u
035 _a(Sirsi) u111208
245 _aAll eyes on global slowdown
260 _c2001
490 _aFinancial Times
_v23 February 2001, 30(2)
520 _aThe downturn in economic growth in the US and the stock market has lead to concern for the property market as banks and investors become increasingly cautious, warning that, despite low vacancy rates, there is still potential for overbuilding.
590 _aWB
650 _aDEMAND
650 _aEUROPE
650 _aPROPERTY-COMMERCIAL PROPERTY-OFFICE PROPERTY-OFFICE PROPERTY MARKET
650 _aOFFICES
650 _aOVERBUILDING
650 _aOVERCAPACITY
650 _aSUPPLY
650 _aUNITED STATES
650 _aVACANCY RATES
690 _aPROPERTY-COMMERCIAL PROPERTY-COMMERCIAL PROPERTY MARKET
942 _n0
999 _c66254
_d66254